Chanteurs de A à Z - Statistiques

Statistiques générales
  • Ce quiz a été pris 8 059 fois
  • Le résultat moyen est 18 sur 26
Statistiques - réponses
Lettres Chanson Chanteurs % Correct
B Sur ma route / Mme Pavoshko Black M
93%
G Wati By Night / J'me tire / Bella Gims
92%
I S.O.S / Tourner dans le vide / Dernière Danse Indila
91%
A La Bohème / Emmenez-Moi Charles Aznavour
89%
D La Boulette / Confessions Nocturnes Diam's
89%
S Cosmo / En Feu / Clown Soprano
88%
H Marie / Allumez le feu Johnny Hallyday
87%
J Billie Jean / Thriller / Beat It Michael Jackson
87%
Q We Will Rock You / Bohemian Rapsody Queen
81%
M On s'attache / Tombé sous le charme / Il est où le bonheur Christophe Maé
80%
R Mistral Gagnant / Manhattan-Kaboul / Morgane de toi Renaud
79%
V Ramenez la Coupe à la Maison Vegedream
79%
K Rien qu'une fois / Tahiti / La vie du bon côté Keen'V
78%
O La Quête / La Terre est Ronde / Rêves Bizarres Orelsan
77%
C Un jour au mauvais endroit / Le Portrait Calogero
76%
P Gangnam Style / Gentleman Psy
71%
E My Name Is / Without Me / The Monster Eminem
69%
N La vie qu'on mène / De l'autre côté / Eurostar Ninho
64%
Z Papers / L1 L2 / Amber Zola
55%
U With or Without You / New Year's Day U2
48%
W Scream and Shoot / Pump it Harder Will.i.am
41%
X Sad / Look at Me / Jocelyn Flores / Moonlight XXXTentacion
39%
Y On se connaît / Mon Roi / Entourage Youssoupha
39%
F Comme un homme / Que tu reviennes Patrick Fiori
37%
T All Eyez On Me / Changes / California Love Tupac
35%
L La ballade des gens heureux / Si j'étais président Gérard Lenorman
32%
Aucun quiz correspondant
Distribution des résultats
% des personnes avec chaque résultat
Percentile par nombre de réponses
Votre historique - résultats
Vous n’avez pas pris ce quiz